Advanced engineering mathematics (Record no. 2354)

000 -LEADER
fixed length control field 00457nam a22001937a 4500
001 - CONTROL NUMBER
control field 2354
003 - CONTROL NUMBER IDENTIFIER
control field BD-DhUET
008 - FIXED-LENGTH DATA ELEMENTS--GENERAL INFORMATION
fixed length control field 140922b xxu||||| |||| 00| 0 eng d
020 ## - INTERNATIONAL STANDARD BOOK NUMBER
International Standard Book Number 8121903459
040 ## - CATALOGING SOURCE
Transcribing agency 0
Modifying agency BD-DhUET
082 ## - DEWEY DECIMAL CLASSIFICATION NUMBER
Classification number 510
Item number DAS/2007
100 ## - MAIN ENTRY--PERSONAL NAME
Personal name Dass, H.K.
245 ## - TITLE STATEMENT
Title Advanced engineering mathematics
250 ## - EDITION STATEMENT
Edition statement 17th Rev. ed.
260 ## - PUBLICATION, DISTRIBUTION, ETC. (IMPRINT)
Place of publication, distribution, etc. Ram Nagar
Name of publisher, distributor, etc. S. Chand.
Date of publication, distribution, etc. 2007
300 ## - PHYSICAL DESCRIPTION
Extent xvi,1274p.
650 #0 - SUBJECT ADDED ENTRY--TOPICAL TERM
Topical term or geographic name as entry element Mathematics
942 ## - ADDED ENTRY ELEMENTS (KOHA)
Koha item type General Book
Holdings
Koha date last borrowed Lost status Piece designation (barcode) Copy number Koha full call number Sublocation or collection (holding branch) Koha item type Koha issues (times borrowed) Damaged status Koha out on loan Shelving location Withdrawn status Source of classification or shelving scheme Price effective from Date acquired Location (home branch) Not for loan Koha date last seen Koha normalized classification for sorting
2022-11-23 1039241510/DAS/2007Central Library, BUETGeneral Book3  Circulation section  2014-09-222014-09-22Central Library, BUET 2023-05-06510DAS2007
2026-01-13 1039252510/DAS/2007Central Library, BUETGeneral Book6 2026-01-27Circulation section  2014-09-222014-09-22Central Library, BUET 2026-01-13510DAS2007
2024-12-01 1039273510/DAS/2007Central Library, BUETGeneral Book4  Circulation section  2014-09-222014-09-22Central Library, BUET 2025-02-10510DAS2007
2023-03-22 1039284510/DAS/2007Central Library, BUETGeneral Book3  Circulation section  2014-09-222014-09-22Central Library, BUET 2023-06-05510DAS2007
2014-11-12 1039295510/DAS/2007Central Library, BUETGeneral Book1  Circulation section  2014-09-222014-09-22Central Library, BUET 2016-02-24510DAS2007
2023-01-11 1039317510/DAS/2007Central Library, BUETGeneral Book2  Circulation section  2014-09-222014-09-22Central Library, BUET 2023-02-28510DAS2007
2022-11-23 1039306510/DAS/2007Central Library, BUETGeneral Book2  Circulation section  2014-09-222014-09-22Central Library, BUET 2023-06-07510DAS2007
2019-01-20 1039228510/DAS/2007Central Library, BUETGeneral Book2  Circulation section  2015-01-262015-01-26Central Library, BUET 2019-03-31510_000000000000000_DAS_2007
2025-03-02 1039239510DAS/2007Central Library, BUETGeneral Book2  Circulation section  2015-09-012015-09-01Central Library, BUET 2025-04-07510DAS_2007_000000000000000
2024-11-24 10392610510/DAS/2007Central Library, BUETGeneral Book11 2024-12-08Circulation section  2017-05-292007-05-28Central Library, BUET 2024-11-24510_000000000000000_DAS_2007